000 00798mam a2200289 a 4500
999 _c2071
_d2071
001 333235
003 OSt
005 20180922183052.0
008 910528s1991 nyub b 000 0 eng
010 _a 91021233
020 _a0800791924
035 _a(OCoLC)23968612
035 _a(OCoLC)ocm23968612
040 _aDLC
_cDLC
043 _aaw-----
049 _aPTSS
082 _a220.15
_bO881L
090 _aBS649.N45
_bO85 1991
100 1 _aOtis, George,
_d1953-
245 1 4 _aThe last of the giants /
_cGeorge Otis, Jr.
260 _aTarrytown, N.Y. :
_bChosen Books,
_cc1991.
300 _a272 p. :
_bmap ;
_c23 cm.
504 _aIncludes bibliographical references (p. 269-272).
630 0 0 _aBible
_xProphecies
_zMiddle East.
650 0 _aMissions to Muslims.
942 _2ddc
_cBK